|
|
|
|
| LEADER |
00923aam a22003498a 4500 |
| 001 |
00036923 |
| 005 |
20171026081025.0 |
| 008 |
170407s1999 ||||||Viesd |
| 041 |
0 |
# |
|a Vie
|
| 082 |
1 |
4 |
|a 781.62
|b T500L
|
| 100 |
1 |
# |
|a Tô, Ngọc Thanh
|
| 245 |
1 |
0 |
|a Tư liệu Âm nhạc cung đình Việt Nam
|c Tô Ngọc Thanh
|
| 260 |
# |
# |
|a Hà Nội
|b Âm nhạc
|c 1999
|
| 300 |
# |
# |
|a 413tr.
|c 27 cm.
|
| 653 |
# |
# |
|a Bài viết
|
| 653 |
# |
# |
|a Nhạc cung đình
|
| 653 |
# |
# |
|a Truyền thống
|
| 653 |
# |
# |
|a Âm nhạc
|
| 852 |
# |
# |
|b Kho mượn
|j KM.0020760, KM.0020927
|
| 852 |
# |
# |
|b Kho đọc
|j KD.0019790
|
| 852 |
# |
# |
|j KM.0020760
|j KM.0020927
|j KD.0019790
|
| 910 |
|
|
|d 07/04/2017
|
| 980 |
# |
# |
|a Trung tâm Học liệu Lê Vũ Hùng, Trường Đại học Đồng Tháp
|